000 00438nam a2200181Ia 4500
001 9411
005 20260306161716.0
008 260306t2012||||xx |||||||||||||| ||spa||
041 _aESP
082 _a378.85
_bC95
100 _aCuenca, Ricardo
_eAUT
245 0 _aEducación superior, movilidad social e identidad
260 _c2012
300 _a254 páginas
_c23 cm.
650 _aGEN
654 _aCED
942 _cLIB
_dJUS
_fJUS
_2ddc
_n
999 _c9411
_d9411